| 000 | 00481nam a2200157Ia 4500 | ||
|---|---|---|---|
| 008 | 230907s9999||||xx |||||||||||||| ||und|| | ||
| 082 |
_a621.3 _bNOM |
||
| 100 |
_aNoman Bashir (NUST201361526MSESE64311F) _9116314 |
||
| 245 | 0 | _aUsing stressed grids as a storage medium for renewable energy / | |
| 260 |
_aUSPCAS-E, NUST, _bIslamabad : _c2016 |
||
| 300 | _avi, 38 p. | ||
| 520 | _aTH-35 | ||
| 650 | _aMS-ESE Thesis MS Thesis | ||
| 700 |
_aDr Majid Ali _929033 |
||
| 942 |
_cTHE _2ddc |
||
| 999 |
_c601714 _d601714 |
||